Double Life (Despicable Me 4) - Pharrell Williams - All Lyrics - Statistics

General Stats
  • This quiz has been taken 119 times
  • The average score is 239 of 426
Answer Stats
Answer % Correct
(Ah)
96%
Oh,
96%
oh
96%
a
91%
you
88%
You
88%
be
87%
the
87%
The
87%
to
87%
that
84%
do
82%
Do
82%
Who
82%
question
81%
Gru
79%
I
79%
(Blah,
78%
blah)
78%
Brra
78%
(Brra)
78%
brra)
78%
will
78%
(Ayy)
76%
life,
76%
life
76%
tonight?
76%
Hey,
75%
(Hey,
75%
hey)
75%
(Hey)
75%
Yeah
75%
(Yeah)
75%
(Yeah,
75%
yeah)
75%
double
73%
That's
73%
that's
73%
are
72%
what
72%
What
72%
(What?)
72%
of
69%
it
63%
It
63%
it,
63%
hidin'?
61%
(Phew)
61%
thrill
61%
know
60%
Your
60%
your
60%
go
57%
when
55%
When
55%
heard
54%
get?
51%
get
51%
jets
51%
side
51%
Side
51%
like
49%
So
49%
you're
49%
You're
49%
And
48%
if
48%
If
48%
on?
48%
on
48%
time
46%
not
45%
or
45%
rumors
45%
right?
43%
right
43%
come
42%
gone?
42%
have
42%
Lie
42%
lie?
42%
all
40%
done?
40%
don't
40%
Don't
40%
face
40%
must
40%
doin'
39%
in
39%
it's
39%
It's
39%
Some
39%
can
37%
has
37%
just
37%
light
37%
Am
36%
private
36%
wrong
36%
away,
34%
bein'
34%
But
34%
but
34%
detector
34%
dirt
34%
double-sided
34%
flip
34%
heads
34%
off?
34%
over
34%
both
33%
coins
33%
doesn't
33%
matter
33%
Nothin'
33%
see
33%
tails
33%
(Watch)
33%
watch
33%
is
31%
sides
31%
where
31%
Which
31%
ain't
30%
brakes
30%
fight
30%
Make
30%
then
30%
up
30%
feel
28%
okay
28%
someone
28%
sure
28%
this,
28%
bad
27%
best
27%
choose
27%
got
27%
now
27%
out
27%
until
27%
anyone
25%
running
25%
saw
25%
spin
25%
there
25%
hill
24%
I'm
24%
look
24%
never
24%
never,
24%
says
24%
Two-faced
24%
gotta
22%
pick
22%
were
22%
fly
21%
broken
19%
can't
19%
end
19%
everything
19%
plenty
19%
sorry,
19%
speedin'
19%
You'll
19%
cars
18%
drive,
18%
home
18%
line?
18%
arrive?
16%
'cause
16%
soon,
16%
spent
16%
fine
15%
code
13%
Why
13%
Before
12%
spinnin'
12%
spinning
12%
ignore,
10%
rides
10%
stops,
9%
No matching quizzes found
Score Distribution
Percent of People with Each Score
Percentile by Number Answered
Your Score History
You have not taken this quiz